| 000 | 01002nam a22002177a 4500 | ||
|---|---|---|---|
| 005 | 20150822020003.0 | ||
| 008 | 140819b xxu||||| |||| 00| 0 ck spa d | ||
| 041 | _aspa | ||
| 044 | _ack | ||
| 082 |
_a333.72 _bC82p |
||
| 110 |
_aColombia _bCorporación para el desarrollo sostenible de Uraba--CORPOURABA _925910 |
||
| 245 |
_aPáramo de Urrao: _bEstudio del Estado Actual (EEAP) y Plan de Manejo del Páramo de Urrao o Páramo del Sol _cCorporación para el desarrollo sostenible de Uraba--CORPOURABA |
||
| 260 |
_aAntioquia _bCorporación para el desarrollo sostenible de Uraba--CORPOURABA _bFundación ProAves _c2010 |
||
| 300 |
_a55 p. _bFot (col), tablas, mapas. _c29 cm. |
||
| 504 | _aIncluye referencias bibliográficas (pag 54-55) | ||
| 650 |
_aPáramos _xConservación de los recursos naturales _925911 |
||
| 650 |
_aPáramos _x Planificación Regional _925912 |
||
| 650 |
_aPáramos _xAspectos Ambientales _925913 |
||
| 710 |
_aColombia _bFundación ProAves _925914 |
||
| 942 |
_2ddc _cLIBRO _01 |
||
| 999 |
_c8610 _d8610 |
||